| 000 | 00734nam a22002057a 4500 | ||
|---|---|---|---|
| 003 | LK-CoDNM | ||
| 005 | 20241016114234.0 | ||
| 008 | 241016b |||||||| |||| 00| 0 eng d | ||
| 040 |
_aLK-CoDNM _dLK-CoDNM _eLK-CoDNM |
||
| 041 | _asin | ||
| 080 |
_aප්ර ප _b15.A |
||
| 100 | _aබණ්ඩාරනායක ඩයස් ආර් | ||
| 245 |
_aපාලන බලය දේශපාලන මාසික සඟරාව _b1935 _c1 කාණ්ඩය 5 කලාපය |
||
| 260 | _c1935 | ||
| 300 | _a40P. : ill ; 25 CM | ||
| 650 | _aපාලන බලය දේශපාලන මාසික සඟරාව | ||
| 650 | _a1 කාණ්ඩය 5 කලාපය | ||
| 650 | _a1935 | ||
| 942 | _cBK | ||
| 999 |
_c219682 _d219682 |
||